000 00522nam a2200181Ia 4500
005 20250508155727.0
008 008 250505s9999 xx 000 0 eng d
037 _aTextual
040 _aFEDL
_beng
_cFEDL
041 _aeng
_2eng
084 _a621.388, REE
_qFEDL
100 _aReed C R G
_9767358
245 0 _aPrinciples of colour television systems
260 _aLondon, UK
_bSir Isaac Pitman and Sons Limited
_c1969
300 _a196p.
942 _cTEXL
_h621.388, REE
999 _c1358977
_d1358977